FIFA 22 Numbersup - Statistics

General Stats
  • This quiz has been taken 95 times
    90 since last reset
  • The average score is 14 of 18
Answer Stats
Club Position Rating Answer % Correct
Barcelona GK 91 Marc-Andre Ter-Stegen
95%
Borussia Dortmund CB 88 Mats Hummels
93%
West Ham CDM 87 Declan Rice
89%
Liverpool LW 86 Diogo Jota
89%
Atletico Madrid CF 88 Joao Felix
89%
PSG RW 89 Angel Di Maria
84%
Real Madrid CB 85 Eder Militao
82%
Napoli LW 87 Lorenzo Insigne
82%
Real Madrid RW 85 Marco Asensio
76%
Tottenham LB 84 Sergio Reguilon
76%
Lyon ST 84 Moussa Dembele
75%
Tottenham CAM 84 Dele Alli
74%
Napoli CM 84 Fabian Ruiz
66%
Borussia Monchengladbach CM 84 Florian Neuhaus
66%
Borussia Dortmund CAM 85 Giovanni Reyna
64%
Tottenham LM 84 Steven Bergwijn
61%
Roma CDM 84 Amadou Diawara
58%
Everton LM 72 Anthony Gordon
58%
No matching quizzes found
Score Distribution
Percent of People with Each Score
Percentile by Number Answered
Your Score History
You have not taken this quiz since the last reset